| 000 | 00502nam a2200205 a 4500 | ||
|---|---|---|---|
| 999 |
_c2072 _d2072 |
||
| 007 | ta | ||
| 008 | 200204t ii ||||g |||| 00| 0 eng d | ||
| 040 |
_aKO _beng |
||
| 041 | 0 | _aeng | |
| 044 | _aii | ||
| 082 | 0 | 4 |
_223 _a613.25 _bSt98 |
| 100 | 1 | _aStutman, Fred A. | |
| 245 | 1 | 0 |
_aGreat Weight Loss Tips / _cFred A. Stutman |
| 260 |
_aNoida : _bJaico Publishing House , _c[20 - ?] |
||
| 300 |
_a32 p. : _c18 cm. |
||
| 650 | 0 |
_aWeight loss _vTextbooks |
|
| 904 | _aReshma_R | ||
| 942 | _cBK | ||